000
00186 a2200097 4500
041
_a
spa
100
_a
Faviano Amatulli Valente
245
_a
El Pajaro herido
942
_c
BK
952
_7
1
999
_c
25128
_d
25128